Music Quiz

Random Music or Song Quiz

Top Hit Artists of the '80s Quiz Stats

 Plays Quiz Updated Jun 23, 2015

Challenge
Share
Tweet
Embed
Score 0/45 Timer 10:00
17 Plays Today
Type Artist % Correct
MaleMichael Jackson
99.3%
FemaleMadonna
97.4%
FemaleJanet Jackson
92.8%
MaleGeorge Michael
90.4%
Group/DuoBon Jovi
89.3%
MalePrince
89.1%
FemaleOlivia Newton-John
83.9%
FemaleCyndi Lauper
82.2%
FemaleTina Turner
81.9%
Group/DuoVan Halen
81%
MaleLionel Richie
78%
MaleBruce Springsteen
77.6%
MaleJohn Cougar Mellencamp
76.6%
MalePhil Collins
76.2%
FemaleWhitney Houston
76.1%
MaleBilly Joel
75.8%
MaleStevie Wonder
74.8%
FemalePat Benatar
72.5%
MaleKenny Loggins
72.2%
MaleRick Springfield
71.7%
Group/DuoSurvivor
71.4%
Group/DuoHall And Oates
70.5%
Group/DuoStarship
70.2%
Type Artist % Correct
Group/DuoGenesis
62.2%
Group/DuoJourney
61.8%
MaleElton John
60.1%
Group/DuoDuran Duran
57%
Group/DuoKool And The Gang
56.9%
FemaleKim Carnes
55.7%
Group/DuoREO Speedwagon
54.9%
MaleKenny Rogers
48.4%
FemaleDonna Summer
48.1%
FemaleDiana Ross
46.4%
Group/DuoHeart
46.2%
FemaleSheena Easton
44.3%
FemaleAretha Franklin
42.8%
Group/DuoPointer Sisters
37.7%
Group/DuoHuey Lewis and the News
34.5%
Group/DuoChicago
29.3%
MalePaul McCartney
27.5%
FemaleBarbra Streisand
26.8%
Group/DuoAir Supply
26%
MaleRod Stewart
15.5%
FemaleGloria Estefan
14.8%
FemaleStevie Nicks
10.7%

You're not logged in!

Compare scores with friends on all Sporcle quizzes.
OR
Log In

You Might Also Like...

Show Comments

Extras

Top Quizzes Today


Score Distribution

Your Account Isn't Verified!

In order to create a playlist on Sporcle, you need to verify the email address you used during registration. Go to your Sporcle Settings to finish the process.

Report this User

Report this user for behavior that violates our Community Guidelines.

Details: